Statistics for Top 5 Teams In Every North American Sport By Championships

Click here to take the quiz!

General Stats

  • This quiz has been taken 45 times
  • The average score is 15 of 20

Answer Stats

HintAnswer% Correct
NBALos Angeles Lakers
97%
MLBNew York Yankees
95%
NBABoston Celtics
92%
NFLGreen Bay Packers/New York Giants
90%
MLBBoston Red Sox
85%
NFLNew England Patriots
85%
NHLMontréal Canadiens
82%
NBAChicago Bulls
79%
NBAGolden State Warriors
79%
NHLToronto Maple Leafs
77%
NFLPittsburgh Steelers
74%
NHLBoston Bruins
72%
NFLSan Francisco 49ers
72%
MLBSan Francisco Giants
72%
NFLDallas Cowboys
69%
NBASan Antonio Spurs
69%
NHLDetroit Red Wings
67%
NHLChicago Blackhawks
64%
MLBSt. Louis Cardinals
59%
MLBOakland Athletics
46%

Score Distribution

Percentile by Number Answered

Percent of People with Each Score

Your Score History

You have not taken this quiz